Which Countries Are Real? - Statistics

General Stats
  • This quiz has been taken 5,541 times
  • The average score is 18 of 20
Answer Stats
Question Tile Select % Correct
the names of Sovereign Countries that are real. Narnia No
98%
the names of Sovereign Countries that are real. Denmark Yes
97%
the names of Sovereign Countries that are real. France Yes
97%
the names of Sovereign Countries that are real. Uruguay Yes
97%
the names of Sovereign Countries that are real. Kurdistan No
96%
the names of Sovereign Countries that are real. Brunei Yes
95%
the names of Sovereign Countries that are real. North Macedonia Yes
95%
the names of Sovereign Countries that are real. Pauru No
95%
the names of Sovereign Countries that are real. Trinidad and Tobago Yes
95%
the names of Sovereign Countries that are real. Seychelles Yes
94%
the names of Sovereign Countries that are real. Cape Verde Yes
93%
the names of Sovereign Countries that are real. Faroe islands No
92%
the names of Sovereign Countries that are real. Palau Yes
92%
the names of Sovereign Countries that are real. Antigua and Barbuda Yes
91%
the names of Sovereign Countries that are real. Trinidad and Barbuda No
91%
the names of Sovereign Countries that are real. Greenland No
90%
the names of Sovereign Countries that are real. Bermuda No
85%
the names of Sovereign Countries that are real. England No
84%
the names of Sovereign Countries that are real. Saint Kitts and Lucia No
80%
the names of Sovereign Countries that are real. Sao Tome and the Grenadines No
74%
No matching quizzes found
Score Distribution
Percent of People with Each Score
Percentile by Number Answered
Your Score History
You have not taken this quiz